000 00278nam a22001217a 4500
008 170525b xxu||||| |||| 00| 0 eng d
041 _ager
080 _a625.7.8
100 _a26
101 _aIM
245 _aLEHRBUCH DER AUTOMATISIERUNGSTECHNIK
_cBIRNSTIEL
942 _2udc
_cBK
999 _c14230
_d14230